| 000 | 00705nac a22001931u 4500 | ||
|---|---|---|---|
| 010 | _a2004061743 | ||
| 020 | _a0131797476 : | ||
| 082 | 0 | 0 |
_a658.1511 _bH8162 |
| 090 |
_c4605 _d4605 |
||
| 100 | _aHorngren, Charles T., | ||
| 245 | 1 | 0 |
_aCost accounting : _ba managerial emphasis / _cCharles T. Horngren, |
| 250 | _a3th ed. | ||
| 260 |
_aUpper Saddle River, NJ : _bPrentice Hall,1972. _c1972. |
||
| 300 |
_a963p. : _bcol. ill . ; _c29 cm. |
||
| 504 | _aIncludes bibliographical references and index. | ||
| 650 | 0 | _aCost accounting. | |
| 942 |
_cBB _k658.1511H8162 |
||
| 999 |
_c4605 _d4605 |
||